000 00786nam a22002417a 4500
003 UA-OsUOA
001 130271
007 ta
008 20180417b un ||||| |||| 00| 0 ukr d
100 _aШостак В. А.
090 _a78.022(477.87)
_bШ79
942 _cBK
040 _aUA-OsUOA
_bukr
_cUA-OsUOA
_dUA-OsUOA
245 _aТисячолітнє дерево. Народні музичні інструменти Закарпаття
_bмузичні традиції і сучасність
300 _a208 с.
955 _a1
041 _aukr
080 _a78.022(477.87)
020 _a978-966-671-429-2
260 _aУжгород
_bКарпати
_c2016
650 7 _a78.02 Техніка створення музичних творів
_2UDC
999 _c418272
_d418272